Loading...
| Current Events | 4 | 15.00 | 75% | 50% | 25% |
| Fine Arts - Classical Music | 4 | 20.00 | 100% | 100% | 0% |
| Fine Arts - Other | 7 | 17.14 | 100% | 57% | 14% |
| Fine Arts - Painting and Sculpture | 5 | 18.00 | 100% | 60% | 20% |
| Geography | 5 | 16.00 | 80% | 60% | 20% |
| History - American | 4 | 20.00 | 100% | 75% | 25% |
| History - European | 5 | 12.00 | 100% | 20% | 0% |
| History - Other | 3 | 10.00 | 100% | 0% | 0% |
| History - World | 11 | 19.09 | 91% | 82% | 18% |
| Literature - Drama | 4 | 17.50 | 100% | 75% | 0% |
| Literature - Long Fiction | 6 | 15.00 | 83% | 67% | 0% |
| Literature - Misc | 2 | 25.00 | 100% | 100% | 50% |
| Literature - Poetry | 5 | 16.00 | 100% | 60% | 0% |
| Literature - Short Fiction | 2 | 20.00 | 100% | 50% | 50% |
| Mythology | 5 | 14.00 | 100% | 40% | 0% |
| Other Academic | 5 | 14.00 | 80% | 40% | 20% |
| Philosophy | 7 | 22.86 | 143% | 71% | 14% |
| Religion | 4 | 15.00 | 100% | 25% | 25% |
| Science - Biology | 6 | 13.33 | 100% | 17% | 17% |
| Science - Chemistry | 6 | 18.33 | 100% | 67% | 17% |
| Science - Other | 5 | 16.00 | 100% | 60% | 0% |
| Science - Physics | 7 | 20.00 | 100% | 86% | 14% |
| Short Fiction and Other | 2 | 15.00 | 100% | 50% | 0% |
| Social Science | 7 | 20.00 | 100% | 57% | 43% |